Spelling made simple / (Record no. 37)

MARC details
000 -LEADER
fixed length control field 00794cam a2200253 a 4500
005 - DATE AND TIME OF LATEST TRANSACTION
control field 20260322212004.0
008 - FIXED-LENGTH DATA ELEMENTS--GENERAL INFORMATION
fixed length control field data
010 ## - LIBRARY OF CONGRESS CONTROL NUMBER
LC control number 89027150
020 ## - INTERNATIONAL STANDARD BOOK NUMBER
International Standard Book Number 0385266421 :
Terms of availability {dollar}9.95 ({dollar}12.95 Can.)
020 ## - INTERNATIONAL STANDARD BOOK NUMBER
International Standard Book Number 9780385266420 :
Terms of availability {dollar}9.95 ({dollar}12.95 Can.)
040 ## - CATALOGING SOURCE
Original cataloging agency DLC
Transcribing agency DLC
Modifying agency DLC
050 00 - LIBRARY OF CONGRESS CALL NUMBER
Classification number PE1145.2
Item number .R6 1990
082 00 - DEWEY DECIMAL CLASSIFICATION NUMBER
Classification number 428.1
Edition information 20
092 ## - LOCALLY ASSIGNED DEWEY CALL NUMBER (OCLC)
Classification number 428.1 R6 1990
001 - CONTROL NUMBER
control field data
245 00 - TITLE STATEMENT
Title Spelling made simple /
Statement of responsibility, etc. edited by Stephen V. Ross & Sheila Henderson.
250 ## - EDITION STATEMENT
Edition statement Rev. ed.
260 ## - PUBLICATION, DISTRIBUTION, ETC.
Place of publication, distribution, etc. New York :
Name of publisher, distributor, etc. Made Simple Books,
Date of publication, distribution, etc. c1990.
300 ## - PHYSICAL DESCRIPTION
Extent 192 p. ;
Dimensions 26 cm.
650 #0 - SUBJECT ADDED ENTRY--TOPICAL TERM
Topical term or geographic name entry element Spellers.
700 1# - ADDED ENTRY--PERSONAL NAME
Personal name Ross, Stephen V.
700 1# - ADDED ENTRY--PERSONAL NAME
Personal name Henderson, Sheila,
Dates associated with a name 1950-
856 42 - ELECTRONIC LOCATION AND ACCESS
Materials specified Publisher description
Uniform Resource Identifier <a href="http://www.loc.gov/catdir/description/random046/89027150.html">http://www.loc.gov/catdir/description/random046/89027150.html</a>
Holdings
Withdrawn status Lost status Damaged status Not for loan Home library Current library Shelving location Date acquired Total checkouts Full call number Barcode Date last seen Price effective from Koha item type
        Franklin Franklin General stacks 22/03/2026   428.1 20 BC0010037 22/03/2026 22/03/2026 Books